| 000 | 01012nam a2200313 a 4500 | ||
|---|---|---|---|
| 003 | AR-BaBNM | ||
| 005 | 20251128205903.0 | ||
| 008 | 082120s2002 ||||||||||||||000 | spa|| | ||
| 020 | _a950-14-0832-9 | ||
| 040 | _cAR-BaBNM | ||
| 100 | 1 |
_aGonzález, Ricardo O. _chijo |
|
| 245 | 0 | 0 |
_aFlexibilización laboral y régimen de contrato de trabajo _bnuevas modalidades de contratación, estatuto para las pequeñas y medianas empresas |
| 250 | _a1ª ed. | ||
| 260 |
_aBuenos Aires _bDepalma _c1995 |
||
| 300 | _axiv, 299 p. | ||
| 500 | _aComentario de las leyes 24.465 y 24.467 y de sus reglamentaciones por decreto 738/95 y 7373/95 respectivamente | ||
| 650 | 4 | _aFLEXIBILIZACION LABORAL | |
| 650 | 4 | _aCONTRATOS DE TRABAJO | |
| 650 | 4 | _aEMPRESAS | |
| 650 | 4 | _aRELACIONES LABORALES | |
| 650 | 4 | _aNEGOCIACION COLECTIVA | |
| 650 | 4 | _aEMPLEO | |
| 650 | 4 | _aPOLITICA DE EMPLEO | |
| 650 | 4 | _aFORMACION PROFESIONAL | |
| 650 | 4 | _aPOLITICA SALARIAL | |
| 653 | _aPYMES | ||
| 942 | _cBK | ||
| 998 | _cCarmen | ||
| 999 |
_c13164 _d13164 |
||